World bank social safeguard policies

Sparad:
Bibliografiska uppgifter
Huvudupphovsman: The World Bank
Materialtyp: Bok
Språk:Undetermined
Publicerad: Hanoi Statistical publishing House 2004
Ämnen:
Taggar: Lägg till en tagg
Inga taggar, Lägg till första taggen!
Thư viện lưu trữ: Trung tâm Học liệu Trường Đại học Cần Thơ
LEADER 00487nam a2200181Ia 4500
001 CTU_92173
008 210402s9999 xx 000 0 und d
082 |a 361.25 
082 |b W927 
100 |a The World Bank 
245 0 |a World bank social safeguard policies 
245 4 |c The World Bank 
260 |a Hanoi 
260 |b Statistical publishing House 
260 |c 2004 
650 |a social action 
904 |i Tuyến 
980 |a Trung tâm Học liệu Trường Đại học Cần Thơ